00911nam a2200193 a 4500003000500000005001700005008004100022020001800063050002400081100002100105245014800126250001700274260006800291300004000359520024700399650002900646650002300675700001900698SISC20160822110753.0121025s19uu xx 00 eng d a9780415591089 aGV 464.5b.C35 2012 aCarroll, Maggie. aDeveloping physical health, fitness and well-being through gymnastics (7-11) :ba session-by-session approach /cMaggie Carroll, Jackie Hannay. a3rd edition. aMilton Park, Abingdon, Oxon ; New York, NY :bRoutledge,c2012. av, 232 pages :bcol. ill. ;c24 cm. aThis practical and easy-to-use teacher's guide is the brand new edition of the popular workbook Gymnastics 7-11. It takes a session-by-session approach to teaching physical development and well-being through gymnastics for the 7-11 age range. aGymnastics for children. aMovement education aHannay, Jackie